Možnosti financovania verejného dlhu vo vybranej krajine Eurozóny bakalárska práca

Salvato in:
Dettagli Bibliografici
Autore principale: Vajda, Tomáš
Ente Autore: Národohospodárska fakulta EU. Katedra financií
Altri autori: Boór, Matej, 1988-
Natura: Libro
Lingua:slovacco
Pubblicazione: Bratislava 2019
Tags: Aggiungi Tag
Nessun Tag, puoi essere il primo ad aggiungerne!!

MARC

LEADER 00000nbm a2200000 4500
001 0256453
005 20191030131317.9
041 0 |a slo 
044 |a SK 
245 1 0 |a Možnosti financovania verejného dlhu vo vybranej krajine Eurozóny  |b bakalárska práca  |c Tomáš Vajda ; školiteľ: Matej Boór 
264 1 |a Bratislava  |c 2019 
300 |a 49 s. 
100 1 |a Vajda, Tomáš 
700 1 |a Boór, Matej, 1988- 
710 2 |a Národohospodárska fakulta EU. Katedra financií